| 000 | 01447cam a2200361 i 4500 | ||
|---|---|---|---|
| 001 | 24268 | ||
| 003 | Mx-PuUPA | ||
| 005 | 20250422152037.0 | ||
| 008 | 140415s2001 fr gr 000 0 fra d | ||
| 020 | _a9782210754676 | ||
| 040 |
_aMx-PuUPA _bspa _cMx-PuUPA _dMx-PuUPA _erda |
||
| 041 | 0 | _afre | |
| 043 | _ae-fr--- | ||
| 100 | 1 |
_aSchmitt, Éric-Emmanuel, _d1960- _916898 _eautor |
|
| 245 | 1 | 0 |
_aMonsieur Ibrahim et les fleurs du Coran / _cÉric-Emmanuel Schmitt ; présentation, notes, questions et après-texte établis par Josiane Grinfas-Bouchibti |
| 264 | 1 |
_aParis : _bMagnard, _c2001 |
|
| 300 |
_a109 páginas ; _c18 cm |
||
| 336 |
_2rdacontent _atexto _btxt |
||
| 337 |
_2rdamedia _asin medio _bn |
||
| 338 |
_2rdacarrier _avolumen _bnc |
||
| 490 | 0 |
_aClassiques & Contemporains ; _v27 |
|
| 521 | 1 | _aCollège cycle 4: Vivre avec autrui (5e) - Lecture cursive (4e et 3e). Lycée professionnel: Identité et diversité (Tle). | |
| 650 | 7 |
_2armarc _aNovela social |
|
| 650 | 7 |
_2armarc _aNovela psicológica |
|
| 650 | 7 |
_2armarc _aGente de negocios _zFrancia _zParís _xNovela |
|
| 650 | 7 |
_2armarc _aMusulmanes _zFrancia _zParís _xNovela |
|
| 650 | 7 |
_2armarc _aAdolescentes _zFrancia _zParís _xNovela |
|
| 650 | 7 |
_2armarc _aAmistad _xNovela juvenil |
|
| 700 | 1 |
_aGrinfas-Bouchibti, Josiane, _eautor de presentación, notas, preguntas |
|
| 942 |
_2ddc _cLI _h843.912 _iS25 |
||
| 999 |
_c24268 _d24268 |
||